| 000 | 00344nam a22001457a 4500 | ||
|---|---|---|---|
| 003 | OSt | ||
| 005 | 20220124104046.0 | ||
| 008 | 220124b |||||||| |||| 00| 0 eng d | ||
| 020 | _a817409069-X | ||
| 040 | _cHU | ||
| 082 | _a620.11 | ||
| 100 |
_aPublishers Khanna _928421 |
||
| 245 | _aA Text Book of Strength Materials | ||
| 942 |
_2ddc _cBOOKS _n0 |
||
| 999 |
_c27599 _d27599 |
||